| 000 | 00688nam a22001937a 4500 | ||
|---|---|---|---|
| 999 |
_c158279 _d158279 |
||
| 005 | 20181024143941.0 | ||
| 010 | _aENG-124353 | ||
| 020 |
_a9780199485154 _c850.00 |
||
| 035 | _aEN-107885 | ||
| 037 | _bDBAD/PUB | ||
| 082 | _a344.046 | ||
| 100 | _aSajeva, Giulia | ||
| 245 |
_aWhen rights embrace responsibilities: _cby Giulia Sajeva _bbiocultural rights and the conservation of environment / |
||
| 260 |
_aNew Delhi _bOxford University Press _c2018 |
||
| 270 |
_bNew Delhi _e110002 _a2/11 Ground Floor, Ansari Road, Daryaganj, |
||
| 300 |
_axxii,185p _c21cm.(Hb) |
||
| 500 | _aIt includes bibliography, index and about the authors | ||
| 942 |
_2ddc _cEN _h344.046 _mSAJ |
||